000 00531nam a2200193Ia 4500
005 20250508162723.0
008 008 250505s9999 xx 000 0 eng d
020 _a0-89079-149-X
037 _aTextual
040 _aFEDL
_beng
_cFEDL
041 _aeng
_2eng
084 _a371.9, FER
_qFEDL
100 _aFernald Grace M
_993722
245 0 _aRemedial techniques in basic school subjects
260 _aAustin
_bPro-Ed
_c1988
300 _axxiii,252p.
942 _cTEXL
_h371.9, FER
999 _c1378291
_d1378291